=LDR 00000nam 2200000 4500 =001 INLIS000000000037403 =005 20200228020354 =035 ##$$a 0010-061300000037403 =008 200228################g##########0#ind## =041 ##$$a Ind =082 ##$$a 152.46 =090 ##$$a 152.46, Kri f =100 ##$$a Krishna, Anand =245 1#$$a Fear manangement, mengelola ketakutan, memacu evolusi diri /$c Anand Krishna =260 ##$$a Jakarta :$b PT. Gramedia Pustaka Utama,$c 2008 =300 ##$$a ix,157 hlm. ; $c 11 x 18 cm =650 #4$$a Takut =850 ##$$a NBPNMAT =020 ##$$a 978-979-22-3342 =084 ##$$a 152.46 KRI f =250 ##$$a Cet. 2 =990 ##$$a 21106642/Pb/2011 =990 ##$$a 21106641 =990 ##$$a 21106643